Statistics for U.S. States with a Place Called Paris

Click here to take the quiz!

General Stats

  • This quiz has been taken 135 times
  • The average score is 14 of 19

Answer Stats

State% Correct
Texas
91%
New York
89%
Ohio
84%
Illinois
79%
Oregon
77%
Kentucky
76%
Maine
75%
New Hampshire
75%
Tennessee
75%
Virginia
75%
Wisconsin
75%
Arkansas
74%
Indiana
74%
Michigan
73%
Pennsylvania
73%
Idaho
71%
Iowa
70%
Missouri
68%
Mississippi
67%

Score Distribution

Percentile by Number Answered

Percent of People with Each Score

Your Score History

You have not taken this quiz